Needed (Record no. 80071)

MARC details
000 -LEADER
fixed length control field 01086cab a22002175a 4500
001 - CONTROL NUMBER
control field L143148
008 - FIXED-LENGTH DATA ELEMENTS--GENERAL INFORMATION
fixed length control field 080410s2008 xxk f f000 0 eng d
035 ## - SYSTEM CONTROL NUMBER
System control number (Sirsi) u143148
041 0# - LANGUAGE CODE
Language code of text/sound track or separate title eng
100 1# - MAIN ENTRY--PERSONAL NAME
Personal name Keeping, Miles
245 00 - TITLE STATEMENT
Title Needed
Remainder of title a decent environmental policy map
260 ## - PUBLICATION, DISTRIBUTION, ETC.
Date of publication, distribution, etc. 2008
490 ## - SERIES STATEMENT
Series statement Property Forecast
Volume/sequential designation 11(3) March 2008, 2-3(2)
520 ## - SUMMARY, ETC.
Summary, etc. Provides an overview of the various government initiatives which have been introduced to encourage developers, investors and occupiers to take account of environmental factors. Argues that environmental policy is an increasingly complicated area requiring careful study. It is hoped that the code for Sustainable Buildings will help to draw the various strands together. Covers Planning Policy Statement One, commercial energy performance certificates, BREEAM and other relevant codes.
590 ## - LOCAL NOTE (RLIN)
Local note KA
650 24 - SUBJECT ADDED ENTRY--TOPICAL TERM
Topical term or geographic name entry element PLANNING POLICY STATEMENT ONE
650 24 - SUBJECT ADDED ENTRY--TOPICAL TERM
Topical term or geographic name entry element COMMERCIAL ENERGY PERFORMANCE CERTIFICATES
651 #4 - SUBJECT ADDED ENTRY--GEOGRAPHIC NAME
Geographic name United Kingdom
Chronological subdivision
690 ## - LOCAL SUBJECT ADDED ENTRY--TOPICAL TERM (OCLC, RLIN)
Topical term or geographic name as entry element BUILT ENVIRONMENT-SUSTAINABLE CONSTRUCTION
942 ## - ADDED ENTRY ELEMENTS (KOHA)
Suppress in OPAC 0
Holdings
Withdrawn status Lost status Source of classification or shelving scheme Damaged status Not for loan Home library Current library Shelving location Date acquired Total Checkouts Full call number Barcode Date last seen Copy number Price effective from Koha item type
    Dewey Decimal Classification     London London Journal article 10/04/2008   ONLINE PUBLICATION 143148-1001 06/08/2019 1 06/08/2019 Journal article